00310nam a2200121Ia 4500008004100000041000800041082001400049100001700063245004500080260003200125300002400157365000700181240624s9999 xx 000 0 und d aeng a658.3 FIT aFITZ ENZ JAC aHOW TO MEASURE HUMAN RESOURCES MANAGEMEN c2002aNew YorkbMcGraw-Hill a351 : p. : cm. ; 24 cRS